000
00290nam a2200121Ia 4500
005
20260328104303.0
008
260328s9999||||xx |||||||||||||| ||und||
100
_a
Weider, Ben
245
0
_a
El Asesinato de Napoleón /
_c
Ben Weider
260
_b
Press
650
_a
NAPOLEON
942
_c
BK
999
_c
10663
_d
10663